Pokédex challenge 6ème génération - Statistiques

Statistiques générales
  • Ce quiz a été pris 2 799 fois
  • Le résultat moyen est 46 sur 72
Statistiques - réponses
Numéro Nom % Correct
656 Grenousse
96%
650 Marisson
95%
658 Amphinobi
94%
653 Feunnec
93%
716 Xerneas
90%
717 Yveltal
90%
657 Croaporal
88%
655 Goupelin
87%
652 Blindepique
86%
718 Zygarde
85%
654 Roussil
84%
651 Boguerisse
82%
661 Passerouge
81%
663 Flambusard
80%
721 Volcanion
74%
662 Braisillon
72%
700 Nymphali
72%
719 Diancie
71%
666 Prismillon
70%
720 Hoopa
69%
659 Sapereau
69%
669 Flabebe
68%
664 Lepidonille
68%
670 Floette
67%
671 Florges
66%
681 Exagide
65%
667 Helionceau
65%
698 Amagara
64%
660 Excavarenne
64%
668 Nemelios
64%
696 Ptyranidur
64%
701 Brutalibre
63%
679 Monorpale
63%
704 Mucuscule
63%
699 Dragmara
62%
706 Muplodocus
62%
697 Rexillius
62%
702 Dedenne
61%
673 Chevroum
60%
680 Dimocles
60%
715 Bruyverne
59%
665 Peregrain
59%
714 Sonistrelle
58%
676 Couafarel
57%
672 Cabriolaine
56%
705 Colimucus
56%
682 Fluvetin
56%
684 Sucroquin
56%
695 Iguolta
55%
694 Galvaran
54%
678 Mistigrix
53%
675 Pandarbare
53%
674 Pandespiegle
53%
710 Pitrouille
53%
707 Trousselin
53%
683 Cocotine
52%
692 Flingouste
52%
693 Gamblast
52%
691 Kravarech
52%
690 Venalgue
52%
685 Cupcanaille
51%
712 Grelacon
51%
677 Psystigri
51%
713 Seracrawl
50%
708 Brocelome
48%
703 Strassie
47%
686 Sepiatop
46%
687 Sepiatroce
46%
711 Banshitrouye
44%
689 Golgopathe
41%
688 Opermine
41%
709 Desseliandre
36%
Aucun quiz correspondant
Distribution des résultats
% des personnes avec chaque résultat
Percentile par nombre de réponses
Votre historique - résultats
Vous n’avez pas pris ce quiz